Responses for Show #4179 - Thursday, October 31, 2002

Contestants

[<< previous game]

Ian Foutz, a computer programmer from Garland, Texas

Mark Jurecki, a retired engineer from Carlsbad, California

Phillip Steele, a security officer from Los Angeles, California (whose 4-day cash winnings total $38,898)

[next game >>]

Jeopardy! Round responses

SCULPTURE
BEATLES LYRICS
(Alex: We'll give you the [*], you name the song for us.)
JAPANESE FOOD
FRIENDS IN HISTORY
(Alex: Friends, the TV series.)
MEDICAL ABBREV.
ENDS IN "X"
    $200 21
Pablo Picasso

Triple Stumper
    $200 26
"Yesterday"

Phillip
    $200 1
imitation

Phillip
    $200 5
(Ian: What is the South Pole?)

North Pole

MarkIan
    $200 16
operating room

Phillip
    $200 11
lox

Mark
    $400 22
(Mark: What is "Adam and Eve?")

"The Kiss"

PhillipMark
    $400 27
(Mark: What is "I Don't Care Too Much For Money"?)
(Ian: What is "Money Can't Buy Me Love"?)
(Alex: [Looking at judges] Okay, we'll accept that.)

"Can't Buy Me Love"

MarkIan
    $400 2
pink

Phillip
    $400 6
Boston Tea Party

Phillip
    $400 17
general practitioner

Phillip
    $400 12
the Sphinx

Phillip
    $600 23
Alexander Calder

Phillip
    $600 28
"Blackbird"

Mark
    $600 3
soup

Triple Stumper
    $600 7
John Wilkes Booth

Mark
    $600 18
penicillin

Phillip
    $600 13
nix

Mark
    $800 24
"The Little Mermaid"

Mark
    $800 29
"Ticket to Ride"

Phillip
    $800 4
eggs

Ian
    $800 8
Henry VIII

Mark
    $1,000 19
(Philip: What is rheumatism?)

rheumatoid arthritis

Phillip
    $800 14
smallpox

Ian
    $1000 25
Medusa

Mark
    $1000 30
"Get Back"

Ian
    $1000 10
MSG (monosodium glutamate)

Ian
    $1000 9
the Bastille

Phillip
    $1000 20
complete blood count

Triple Stumper
    $1000 15
vortex

Ian

Scores at the first commercial break (after clue 15):

Phillip Mark Ian
$2,400 $2,400 $3,400

Scores at the end of the Jeopardy! Round:

Phillip Mark Ian
$4,600 $4,000 $4,800

Double Jeopardy! Round responses

SCIENCE & NATURE
DESIGN
STAIR-ING AT THE SCREEN
GEORGE
WASHINGTON
"D.C."
    $400 1
Halley's Comet

Ian
    $400 6
book covers/jackets

Phillip
    $400 11
Rocky

Mark
    $400 16
George Custer

Mark
    $400 26
(Mark: What is Vancouver?)

British Columbia

MarkIan
    $400 21
(Mark: What is Deadwood?)

Dodge City

MarkIan
    $800 2
Marianas Trench

Mark
    $800 7
art deco

Phillip
    $800 12
Psycho

Mark
    $800 17
George Frideric Handel

Mark
    $800 27
Mount St. Helens

Mark
    $800 22
Dallas Cowboys

Ian
    $1,800 3
(Mark: What is the Cenozoic?)

Triassic

Mark
    $1200 8
lamp

Phillip
    $4,600 13
(Mark: Don't know.)

The Exorcist

Mark
    $1200 18
George C. Marshall

Phillip
    $1200 28
(Ian: What is Mount Hood?)

Mount Rainier

Ian
Triple Stumper
    $1200 23
dining car

Phillip
    $1600 4
octane

Ian
    $1600 9
(Mark: What is streamline?)
(Phillip: What is gugge?)

industrial design

PhillipMark
Triple Stumper
    $1600 14
(Mark: What is the Potemkin?)

Battleship Potemkin

Mark
    $1600 19
George Mallory

Triple Stumper
    $1600 29
Henry Jackson

Mark
    $1600 24
Discovery Channel

Phillip
    $2000 5
deuterium

Mark
    $2000 10
(Phillip: What is [**]?)
[Originally ruled incorrect; reversed before the Daily Double at clue 13]
(Mark: What is willow?)
...
(Alex: [After Daily Double is revealed at clue 13] Phillip, your response is acceptable, and Mark, your response will be as if it never occurred, so the scores are now correct.)

bentwood (or rattan)

Phillip
    $2000 15
The Dark at the Top of the Stairs

Mark
    $2000 20
George Gervin

Ian
    $2000 30
(Ian: What is the Columbia Dam?)

Grand Coulee Dam

Ian
Triple Stumper
    $2000 25
(Alex: And we have a minute to deal with WASHINGTON.)

Dale Carnegie

Ian

Scores at the end of the Double Jeopardy! Round:

Phillip Mark Ian
$11,400 $6,400 $9,200

[wagering suggestions for these scores]

Final Jeopardy! Round responses

HISTORIC CONGRESSMEN
MarkWhat is a naval vessel?
$6,000
IanWhat is a battleship?
$3,800
PhillipWhat is a battleship
$4,600
ship/aircraft carrier

Final scores:

Phillip Mark Ian
$6,800 $12,400 $5,400
2nd place: $2,000 New champion: $12,400 3rd place: $1,000

Game dynamics:

Coryat scores:

Phillip Mark Ian
$12,400 $12,800 $9,200
19 R,
2 W
(including 1 DD)
18 R,
7 W
(including 2 DDs)
13 R,
3 W

Combined Coryat: $34,400

[game clues] [game scores] [suggest correction]

Game tape date: 2002-07-30
The J! Archive is created by fans, for fans. Scraping, republication, monetization, and malicious use prohibited; this site may use cookies and collect identifying information. See terms. The Jeopardy! game show and all elements thereof, including but not limited to copyright and trademark thereto, are the property of Jeopardy Productions, Inc. and are protected under law. This website is not affiliated with, sponsored by, or operated by Jeopardy Productions, Inc. Join the discussion at JBoard.tv.